Responses for show #2409 - Thursday, February 9, 1995

1995 Teen Tournament quarterfinal game 4.

Contestants

Halla Yang, a junior from Knoxville, Tennessee

Deborah Sager, a senior from Reston, Virginia

Courtney Donovan, a senior from Houston, Texas

Jeopardy! Round responses

ANCIENT HISTORY
THE LION KING
BEVERAGES
THE 50 STATES
NAMES IN THE NEWS
ENDS IN "END"
    $100 19
the Tigris & Euphrates

Deborah
    $100 12
Home Improvement

Deborah
    $100 21
tea leaves

Halla
    $100 7
Wyoming

Halla
    $100 1
John Wilkes Booth

Deborah
    $100 2
a dead end

Deborah
    $200 20
Sparta

Courtney
    $200 13
hyenas

Courtney
    $200 22
a kola nut

Courtney
    $200 8
New Jersey

Deborah
    $200 14
Christopher Dean

Courtney
    $200 3
the deep end

Deborah
    $300 25
the Parthenon

Halla
    $300 16
a wildebeest

Triple Stumper
    $300 28
South America

Courtney
    $300 9
Utah

Halla
    $300 15
Haiti

Deborah
    $300 4
the bitter end

Deborah
    $400 26
Nebuchadnezzar

Halla
    $400 17
"Hakuna Matata"

Deborah
    $400 29
Snapple

Courtney
    $400 10
New Hampshire

Courtney
    $400 23
Pope John Paul II

Halla
    $400 5
a loose end

Halla
    $500 27
Nero

Halla
    $500 18
Jeremy Irons

Deborah
    $500 30
a milkshake

Deborah
    $500 11
West Virginia

Deborah
    $500 24
(Pierre de) Fermat

Deborah
    $500 6
wit's end

Deborah

Scores at the first commercial break (after clue 15):

Courtney Deborah Halla
$800 $2,300 $800

Scores at the end of the Jeopardy! Round:

Courtney Deborah Halla
$1,900 $4,300 $2,500

Double Jeopardy! Round responses

BIRDS
LANGUAGES
PEAKS & VALLEYS
PHYSICS
COLLEGES & UNIVERSITIES
19th C. AMERICAN LITERATURE
    $200 12
the roadrunner

Deborah
    $200 7
Easter Island

Deborah
    $200 22
(Halla: What is the Valley of the Nile?)

the Valley of the Kings

Halla
Triple Stumper
    $200 6
the speed of light

Deborah
    $200 18
Yale

Halla
    $200 1
Rip Van Winkle

Halla
    $400 13
the woodpecker

Deborah
    $400 8
German

Halla
    $1,000 24
Death Valley

Deborah
    $400 23
(Courtney: What is red?)

white

Courtney
Triple Stumper
    $400 19
the University of Arkansas

Deborah
    $400 2
Simon Legree

Halla
    $600 14
the hummingbird

Deborah
    $600 9
French

Deborah
    $600 25
Antarctica

Halla
    $600 26
acoustics

Triple Stumper
    $600 20
Arizona State University

Triple Stumper
    $600 3
Leatherstocking

Triple Stumper
    $800 15
the eagle

Deborah
    $800 10
Russian

Deborah
    $800 28
Mount Whitney

Halla
    $800 27
gamma rays

Deborah
    $800 21
the University of Michigan

Deborah
    $500 4
(Alex: You are right; from The Scarlet Letter.)

Hester Prynne

Halla
    $1000 16
a macaw

Courtney
    $1000 11
Lithuanian

Deborah
    $1000 30
Mount Everest & K2

Halla
    $1000 29
(Deborah: What is adhesion?)
(Halla: What is [**]?)
[Halla was ruled incorrect and the decision was reversed after the break as it's the force that makes for [*].]

*surface tension (**cohesion)

DeborahHalla
    $1000 17
Columbia

Deborah
    $1000 5
"Civil Disobedience"

Halla

Scores at the end of the Double Jeopardy! Round:

Courtney Deborah Halla
$2,500 $12,100 $8,400

Final Jeopardy! Round responses

U.S. GOVERNMENT
CourtneyWhat is the Cabinet?
$2,500
HallaWhat is the Cabinet? Exec. Council?
$1,100
DeborahWhat is the Kitchen Cab
$4,701
the National Security Council (the NSC)

Final scores:

Courtney Deborah Halla
$0 $7,399 $7,300
3rd place: $1,000 if eliminated Automatic semifinalist 2nd place: $1,000 if eliminated

Game dynamics:

Coryat scores:

Courtney Deborah Halla
$2,500 $11,500 $8,700
8 R,
1 W
28 R
(including 1 DD),
1 W
18 R
(including 2 DDs),
1 W

Combined Coryat: $22,700

The J! Archive is created by fans, for fans. The Jeopardy! game show and all elements thereof, including but not limited to copyright and trademark thereto, are the property of Jeopardy Productions, Inc. and are protected under law. This website is not affiliated with, sponsored by, or operated by Jeopardy Productions, Inc. Join the discussion at JBoard.tv.